| 000 | 00662nam a2200181Ia 4500 | ||
|---|---|---|---|
| 008 | 090124s9999 xx 000 0 und d | ||
| 082 | _b26051 | ||
| 100 | _aबर्वे राजेंद्र | ||
| 245 | _a तुमची झोप तुमच्या हाती | ||
| 250 | _a1 | ||
| 260 |
_bमनोविकास प्रकाशन _c1987 |
||
| 300 | _a90 | ||
| 600 | _aबर्वे राजेंद्र | ||
| 630 | _a तुमची झोप तुमच्या हाती | ||
| 700 | _aबर्वे राजेंद्र | ||
| 730 | _a तुमची झोप तुमच्या हाती | ||
| 942 | _cBOOK | ||
| 999 |
_c93770 _d93770 |
||